| 000 | 01261nam a22003617a 4500 | ||
|---|---|---|---|
| 999 |
_c20520 _d20520 |
||
| 001 | 15959435 | ||
| 003 | OSt | ||
| 005 | 20210219114658.0 | ||
| 008 | 170109b xxu||||| |||| 00| 0 eng d | ||
| 010 | _a 2009482511 | ||
| 020 | _a9781552393185 | ||
| 020 | _a1552393186 | ||
| 040 |
_aMMU _beng _cMMU _dMMU _dMMU |
||
| 050 | 0 | 0 |
_aKF8840 _b.O45 2006 |
| 055 | 0 | 0 |
_aKEO1119 _bO45 2009 fol. |
| 082 | 0 | 4 |
_a347.713/05 _222 |
| 100 | 1 |
_aOlivo, Laurence M., _d1946- |
|
| 245 | 1 | 0 |
_aCivil litigation / _cLaurence Olivo and Mary Ann Kelly. |
| 250 | _a2nd ed. | ||
| 260 |
_aToronto : _bEmond Montgomery Publications, _c2009. |
||
| 300 |
_axviii, 553 p. : _bforms ; _c28 cm. |
||
| 500 | _aIncludes bibliographical references and index. | ||
| 650 | 0 |
_aCivil procedure _zOntario. |
|
| 650 | 0 |
_aActions and defenses _zOntario. |
|
| 650 | 0 |
_aCivil procedure _zOntario _vForms. |
|
| 650 | 0 |
_aActions and defenses _zOntario _vForms. |
|
| 650 | 6 |
_aProcédure civile _zOntario _vManuels d'enseignement supérieur. |
|
| 650 | 6 |
_aActions et défenses _zOntario _vManuels d'enseignement supérieur. |
|
| 650 | 6 |
_aProcédure civile _zOntario _vFormulaires. |
|
| 650 | 6 |
_aActions et défenses _zOntario _vFormulaires. |
|
| 700 | 1 |
_aKelly, Mary Ann, _d1948- |
|
| 942 |
_2lcc _cLOAN LOAN |
||